American Countries That Start With B - Statistics

General Stats
  • This quiz has been taken 27 times
  • The average score is 4 of 5
Answer Stats
Country % Correct
Brazil
100%
Bahamas
92%
Barbados
92%
Belize
85%
Bolivia
77%
No matching quizzes found
Score Distribution
Percent of People with Each Score
Percentile by Number Answered
Your Score History
You have not taken this quiz